| 000 | 02808nam0a2200445 4500 | ||
|---|---|---|---|
| 001 | RU\NLR\bibl\308895 | ||
| 005 | 20260407093439.0 | ||
| 010 |
_a5-88914-187-2 _bВ пер. _96000 |
||
| 021 |
_aRU _b2002-26125 _91299 |
||
| 035 | _a(NLR Aleph) 000304037 | ||
| 090 |
_a9003 _c9003 |
||
| 100 | _a20020911d2002 |||y0rusy50 ca | ||
| 101 | 0 | _arus | |
| 102 | _aRU | ||
| 105 | _ay ||||||||| | ||
| 200 | 1 |
_aЗаконодательство Российской Федерации в области психиатрии _eКоммент. к Закону РФ "О психиатр. помощи и гарантиях прав граждан при ее оказании", ГК РФ и УК РФ (в части, касающейся лиц с псих. расстройствами) _fИн-т государства и права Рос. акад. наук, Гос. науч. центр социал. и судеб. психиатрии им. В. П. Сербского _g[Бородин С. В. и др.] _gПод общ. ред. Т. Б. Дмитриевой |
|
| 205 | _a2-е изд., испр. и доп. | ||
| 210 |
_aМ. _cСпарк _d2002 |
||
| 215 |
_a383 с. _d21 |
||
| 320 | _aАлф.-предм. указ.: с. 371-379 | ||
| 606 | 0 |
_aПсихоневрологическая помощь _jЗаконы, постановления и т.п. _xПравовые вопросы _yРоссийская Федерация _92094606 _3RU\NLR\auth\661267454 |
|
| 606 | 0 |
_aПсихоневрологическая помощь _jЗаконодательные материалы _xПравовые вопросы _yРоссийская Федерация _92094606 _3RU\NLR\auth\661267454 |
|
| 610 | 0 | _aПсихоневрологическая помощь - Законодательство | |
| 610 | 0 | _aПсихиатрическая помощь - см. Психоневрологическая помощь | |
| 610 | 0 | _aРоссийская Федерация, право | |
| 675 |
_a347.162(470)(094.5.072) _v3 _zrus |
||
| 686 |
_a10.27 _2rugasnti |
||
| 686 |
_a67.404 _2rubbk |
||
| 686 | _aХ621.154.01-39(2Р) | ||
| 702 | 1 |
_4340 _8rus _7ca _aДмитриева _bТ.Б. _cд-р мед. наук _f1951-2010 _gТатьяна Борисовна _3RU\NLR\auth\7722806 _95861 |
|
| 702 | 1 |
_4220 _8rus _7ca _aБородин _bС. В. _f1924-2005 _gСтанислав Владимирович _3RU\NLR\AUTH\7730017 _913044 |
|
| 712 | 0 | 2 |
_4570 _aИнститут государства и права _cМосква _3RU\NLR\AUTH\889917145 _9330457 |
| 741 | 1 |
_aРоссийская Федерация _tЗаконы _3RU\NLR\AUTH\883331 _9277893 |
|
| 801 | 0 |
_aRU _bRKP _c20020911 _gPSBO |
|
| 801 | 1 |
_aRU _bRKP _c20020911 |
|
| 801 | 2 |
_aRU _bNLR _c20101011 _grcr |
|
| 942 | _cBOOK | ||
| 980 | _aNB | ||